A Dictionary of genetics (Record no. 42361)

MARC details
000 -LEADER
fixed length control field 00369nam a2200145Ia 4500
020 ## - INTERNATIONAL STANDARD BOOK NUMBER
ISBN 0195143256
082 ## - DEWEY DECIMAL CLASSIFICATION NUMBER
Classification number 575(038)
Item number KIN
100 ## - MAIN ENTRY--AUTHOR NAME
Personal name King, Robert C
245 #2 - TITLE STATEMENT
Title A Dictionary of genetics
250 ## - EDITION STATEMENT
Edition statement Ed.6
260 ## - PUBLICATION, DISTRIBUTION, ETC. (IMPRINT)
Place of publication Oxford
Name of publisher Oxford University Press
Year of publication 2002
700 ## - ADDED ENTRY--PERSONAL NAME
Personal name Stanfield, William D
942 ## - ADDED ENTRY ELEMENTS (KOHA)
Koha item type Books
Holdings
Withdrawn status Lost status Damaged status Not for loan Home library Current library Date acquired Full call number Accession Number Koha item type
        RRII Library RRII Library 16/12/2021 575(038) KIN 22635 Books